000 00689nas a2200217 4500
001 BR5500169
003 BR-BrBNA
005 20231205081952.0
007 ta
008 230509b bl.|||p| |||| 00| 00por d
040 _aBR-BrBNA
_bpor
_cBiblioteca Nacional de Agricultura
041 _a(Pt)
072 _aL73
100 1 _aCorrea, O.
245 1 _aEstudos sobre a hidatidose animal. 1 - Incidencia da hidatidose animal no Rio Grande do Sul [Brasil]
650 _aHIDATIDOSE
650 _aRIO GRANDE DO SUL
773 0 _tBoletim da Diretoria da Producao Animal (Brazil)
_x
_g(Feb 1955), v. 1(21) p. 42-45
_wBR5500169
909 _a202311
_bLúcia
_c55
_dLúcia Elande
942 _2AGRIS
_n0
_cANA
999 _c88226
_d88226